<?xml version="1.0" encoding="UTF-8"?><?xml-stylesheet type="text/xsl" href="static/style.xsl"?><OAI-PMH xmlns="http://www.openarchives.org/OAI/2.0/" xmlns:xsi="http://www.w3.org/2001/XMLSchema-instance" xsi:schemaLocation="http://www.openarchives.org/OAI/2.0/ http://www.openarchives.org/OAI/2.0/OAI-PMH.xsd"><responseDate>2026-04-27T21:41:37Z</responseDate><request verb="GetRecord" identifier="oai:uvadoc.uva.es:10324/24191" metadataPrefix="marc">https://uvadoc.uva.es/oai/request</request><GetRecord><record><header><identifier>oai:uvadoc.uva.es:10324/24191</identifier><datestamp>2021-06-29T17:06:48Z</datestamp><setSpec>com_10324_38</setSpec><setSpec>col_10324_852</setSpec></header><metadata><record xmlns="http://www.loc.gov/MARC21/slim" xmlns:doc="http://www.lyncode.com/xoai" xmlns:xsi="http://www.w3.org/2001/XMLSchema-instance" xmlns:dcterms="http://purl.org/dc/terms/" xsi:schemaLocation="http://www.loc.gov/MARC21/slim http://www.loc.gov/standards/marcxml/schema/MARC21slim.xsd">
<leader>00925njm 22002777a 4500</leader>
<datafield tag="042" ind1=" " ind2=" ">
<subfield code="a">dc</subfield>
</datafield>
<datafield tag="720" ind1=" " ind2=" ">
<subfield code="a">Herrero González, Diego</subfield>
<subfield code="e">author</subfield>
</datafield>
<datafield tag="260" ind1=" " ind2=" ">
<subfield code="c">2017</subfield>
</datafield>
<datafield tag="520" ind1=" " ind2=" ">
<subfield code="a">En los contextos escolares podemos encontrar alumnos que, por sus características individuales, pasan desapercibidos dentro de la rutina diaria. Estas circunstancias pueden producir que situaciones de exclusión educativa pasen inadvertidas, por lo que las necesidades individuales de este colectivo de alumnos no se encuentran contempladas. En base a la atención de las diferencias individuales del alumnado, y en relación con estudios encaminados a conseguir la inclusión educativa, seleccionamos el aprendizaje cooperativo como metodología de una propuesta de intervención. Mediante la propuesta se pretende incrementar el nivel de inclusión del alumnado y mejorar todos los aspectos colaterales a éste. Para constatar su eficacia se realizará un análisis de los niveles previos y posteriores a la propuesta de intervención con los que hemos constatado mejoras en el alumnado.</subfield>
</datafield>
<datafield tag="024" ind2=" " ind1="8">
<subfield code="a">http://uvadoc.uva.es/handle/10324/24191</subfield>
</datafield>
<datafield ind1=" " ind2=" " tag="653">
<subfield code="a">Educación inclusiva</subfield>
</datafield>
<datafield ind1=" " ind2=" " tag="653">
<subfield code="a">Aprendizaje cooperativo</subfield>
</datafield>
<datafield ind1=" " ind2=" " tag="653">
<subfield code="a">Educación física-Estudio y enseñanza</subfield>
</datafield>
<datafield tag="245" ind1="0" ind2="0">
<subfield code="a">Análisis de la inclusión educativa del alumnado mediante la aplicación de una propuesta de intervención basada en desafíos físicos cooperativos</subfield>
</datafield>
</record></metadata></record></GetRecord></OAI-PMH>